| 000 | 00743nam a22002177a 4500 | ||
|---|---|---|---|
| 999 |
_c11886 _d11886 |
||
| 003 | AR-CdUCM | ||
| 008 | 190405b ||||| |||| 00| 0 spa d | ||
| 040 |
_aMUNICIPALIDAD PROVINCIAL DEL CUSCO _cBIBLIOTECA MUNICIPAL DEL CUSCO |
||
| 082 |
_a301.9 / _bP41 / 1875 |
||
| 100 |
_aPelletan, Eugenio _929485 |
||
| 245 | _aEl mundo marcha 7 | ||
| 260 |
_aMadrid : _bLibreria de Leocadio Lopez, _c1875 |
||
| 300 |
_a317 paginas ; _c18 cm. |
||
| 505 | _aContenido : Cartas a Lamartine -- Carta al padre Feliz, de la compañía de Jesús. | ||
| 650 |
_aMundo _9597 |
||
| 650 |
_aCartas _9213 |
||
| 650 |
_aCompañía de Jesús _915260 |
||
| 700 |
_aEl vizconde de San Javier (Traductor) _929486 |
||
| 942 |
_2ddc _cLIBROS |
||
| 945 |
_awnts _d2019-04-05 |
||